Online
Catalog

Cómo se comenta un texto literario / (Record no. 5813)

MARC details
000 -CABECERA
campo de control de longitud fija 00868cam a2200241 a 4500
001 - NÚMERO DE CONTROL
campo de control 000006017
005 - FECHA Y HORA DE LA ÚLTIMA TRANSACCIÓN
campo de control 20260429135247.0
008 - DATOS DE LONGITUD FIJA--INFORMACIÓN GENERAL
campo de control de longitud fija 890118s1980 sp b 000 0 spa
020 ## - NÚMERO INTERNACIONAL ESTÁNDAR DEL LIBRO
Número Internacional Estándar del Libro 8437600243
040 ## - FUENTE DE LA CATALOGACIÓN
Centro catalogador/agencia de origen DO-SdBNP
Lengua de catalogación spa
Centro/agencia transcriptor BNPHU
082 ## - NÚMERO DE LA CLASIFICACIÓN DECIMAL DEWEY
Número de clasificación xxxx
Número de documento/Ítem L431c, 1980
100 1# - ENTRADA PRINCIPAL--NOMBRE DE PERSONA
Nombre de persona Lazáro Carreter, Fernando,
Fechas asociadas al nombre 1923-2004.
9 (RLIN) 16952
245 10 - MENCIÓN DE TÍTULO
Título Cómo se comenta un texto literario /
Mención de responsabilidad, etc. Fernando Lázaro Carreter, Evaristo Correa Calderón.
250 ## - MENCIÓN DE EDICIÓN
Mención de edición 18. ed. rev. y ampl.
260 ## - PUBLICACIÓN, DISTRIBUCIÓN, ETC.
Lugar de publicación, distribución, etc. Madrid :
Nombre del editor, distribuidor, etc. Cátedra,
Fecha de publicación, distribución, etc. 1980.
300 ## - DESCRIPCIÓN FÍSICA
Extensión 205 p. ;
Dimensiones 22 cm.
490 1# - MENCIÓN DE SERIE
Mención de serie Crítica y estudios literarios
500 ## - NOTA GENERAL
Nota general Incluye referencias bibliográficas y notas al pie de las páginas
650 #4 - PUNTO DE ACCESO ADICIONAL DE MATERIA--TÉRMINO DE MATERIA
Término de materia o nombre geográfico como elemento de entrada Crítica literaria
9 (RLIN) 3141
650 #0 - PUNTO DE ACCESO ADICIONAL DE MATERIA--TÉRMINO DE MATERIA
Término de materia o nombre geográfico como elemento de entrada Literatura
Subdivisión general Historia y crítica
9 (RLIN) 835
700 1# - PUNTO DE ACCESO ADICIONAL--NOMBRE DE PERSONA
Nombre de persona Correa Calderón, Evaristo.
9 (RLIN) 16953
830 #0 - PUNTO DE ACCESO ADICIONAL DE SERIE-TÍTULO UNIFORME
Título uniforme Crítica y estudios literarios
9 (RLIN) 5705
Holdings
Estado de retiro Estado de pérdida Restricciones de uso No para préstamo Código de colección Localización permanente Ubicación/localización actual Ubicación en estantería Fecha de adquisición Número de inventario Total de préstamos Signatura topográfica completa Código de barras Fecha visto por última vez Precio válido a partir de Tipo de ítem Koha
      Excluido de préstamo Monografías: Libros y Folletos General General En catalogación 25.08.2009 LF1   xxxx L431c, 1980 6017-10 25.06.2020 25.06.2020 No se presta
        Monografías: Libros y Folletos General General Orden iniciada 05.06.2017 LF1   xxxx L431c, 1980 6017-20 25.06.2020 25.06.2020 No se presta

Powered by Koha